Artisti per opere - Quiz per immagini - Statistics

Statistiche generali
  • Questo quiz è stato fatto 3.696 volte
  • Il punteggio medio è 8 su 15
Statistiche sulle risposte
con Immagini Hint Risposta % Corretto
(Primavera) Sandro Botticelli
92%
(Pietà) Michelangelo Buonarroti
89%
(Adele Bloch-Bauer I) Gustav Klimt
83%
(Het gele huis) Vincent Van Gogh
70%
(Les Coquelicots) Claude Monet
64%
(Crocifissione di San Pietro) Caravaggio
63%
(El Tres de Mayo) Francisco de Goya
59%
(Rain, Steam and Speed) William Turner
45%
(Meisje met de parel) Johannes Vermeer
38%
(Les joueurs de cartes) Paul Cézanne
36%
(Fontaine) Marcel Duchamp
32%
(Le Penseur) Auguste Rodin
31%
(De Nachtwacht) Rembrandt
30%
(Livet dans) Edvard Munch
22%
(Retrato del Papa Inocencio X) Diego Velázquez
16%
Nessun quiz corrispondente trovato
Distribuzione punteggi
Percentuale di utenti per punteggio
Percentile per numero di risposta
I tuoi punteggi nel tempo
Non hai fatto questo quiz